Plastics in industry / (Record no. 184528)
[ view plain ]
| 000 -LEADER | |
|---|---|
| fixed length control field | 00949 a2200169 4500 |
| 003 - CONTROL NUMBER IDENTIFIER | |
| control field | Nust |
| 005 - DATE AND TIME OF LATEST TRANSACTION | |
| control field | 20230308123756.0 |
| 040 ## - CATALOGING SOURCE | |
| Transcribing agency | Nust |
| 082 ## - DEWEY DECIMAL CLASSIFICATION NUMBER | |
| Classification number | 338.47,PLA |
| 100 ## - MAIN ENTRY--PERSONAL NAME | |
| Personal name | Plastes |
| 9 (RLIN) | 110004 |
| 245 ## - TITLE STATEMENT | |
| Title | Plastics in industry / |
| Statement of responsibility, etc. | Plastes |
| 260 ## - PUBLICATION, DISTRIBUTION, ETC. | |
| Place of publication, distribution, etc. | London |
| Name of publisher, distributor, etc. | Chapman |
| Date of publication, distribution, etc. | 1945 |
| 300 ## - PHYSICAL DESCRIPTION | |
| Extent | 248 p. |
| 505 ## - FORMATTED CONTENTS NOTE | |
| Formatted contents note | Definitions And The Plastic Industry (Page-1), Thermo-Plastic And Thermo-Setting Resins (Page-4), Specifications (Page-34), Moulding And Fabrication Technique (Page-45), Engineering And Mechanical Machinery (Page-56), The Electrical Industry (Page-74), Aircraft Construction (Page-95), Motor Car Manufacture (Page-113), Textile Industry (Page-130), Building Industry (Page-147), Insulation (Page-159), Synthetic Glues (Page-162), Synthetic Rubber In Modern Industry (Page-174), Fancy Good Trade (Page-184), Furniture (Page-191), Packaging And Display (Page-202). |
| 650 ## - SUBJECT ADDED ENTRY--TOPICAL TERM | |
| Topical term or geographic name entry element | Role of plastics in industry |
| 9 (RLIN) | 110005 |
| 942 ## - ADDED ENTRY ELEMENTS (KOHA) | |
| Source of classification or shelving scheme | |
| Koha item type | Book |
| Withdrawn status | Lost status | Source of classification or shelving scheme | Damaged status | Not for loan | Permanent Location | Current Location | Shelving location | Date acquired | Full call number | Barcode | Date last seen | Price effective from | Koha item type | Public note |
|---|---|---|---|---|---|---|---|---|---|---|---|---|---|---|
| Military College of Signals (MCS) | Military College of Signals (MCS) | General Stacks | 12/12/2016 | 338.47,PLA | MCS30165 | 12/08/2016 | 12/12/2016 | Book | Almirah No.73, Shelf No.6 |
